00581nam a22001937a 4500999001900000005001700019010001500036020001200051035001400063037001300077082001500090100002000105245006800125260004100193270007700234300002100311700002600332942002900358 c196802d19680220230727162443.0 aENG-137628 c1800.00 aEN-121160 bDBAD/PUB a581.095432 aRajagopal, P.K. aPteridophytes of Karnataka State, Indiacby P.K. RajagopalhENG bVinayaka Prakashanac2016aKarnataka aVinayaka Second Road, Hayagreeva Nagara Indrali, Udupi- 576102 bIndrali a233p.c24cm(pbk) aK. Gopalakrishna Bhat 2ddccENh581.095432kRAJ